Creative communication.

Bibliographic Details
Main Author: Cady, Edwin Laird
Format: Book
Language:English
Published: New York : Reinhold Pub. Corp., 1956.
Series:A Reinhold pilot book, 9
Subjects:

MARC

Tag First Indicator Second Indicator Subfields
LEADER 00000cam a2200000 4500
001 in00000029390
005 20151007061509.0
008 750421s1956 nyua 00000 eng u
010 |a  56014205  
035 |a (OCoLC)01289893 
035 |9 AAD2258AM 
040 |c ORL  |d OCL  |d TXA  |d UtOrBLW 
049 |a TXAM  |c [273815] 
050 0 0 |a PE1408  |b .C2 
082 0 |a 808 
092 |a 808  |b C126c 
100 1 |a Cady, Edwin Laird. 
245 1 0 |a Creative communication. 
264 1 |a New York :  |b Reinhold Pub. Corp.,  |c 1956. 
300 |a 158 pages :  |b illustrations ;  |c 18 cm. 
336 |a text  |b txt  |2 rdacontent 
337 |a unmediated  |b n  |2 rdamedia 
338 |a volume  |b nc  |2 rdacarrier 
490 0 |a A Reinhold pilot book, 9 
650 0 |a English language  |x Rhetoric. 
650 0 |a Communication. 
999 |a MARS 
999 f f |s 1fd35849-3bac-338c-b5da-6e28f3daccf6  |i 1b47c3e7-867f-31d5-b1e7-a46d87cfe41d  |t 0 
952 f f |p ric  |a Texas A&M University  |b Rellis Campus  |c Joint Library Facility  |s JLF  |d Remote Storage  |t 0  |e PE1408 .C2  |h Library of Congress classification  |i unmediated -- volume  |m A14801193324 
998 f f |a PE1408 .C2  |t 0  |l Remote Storage